|
|
|
|
| LEADER |
01842nam a2200361 a 4500 |
| 001 |
26416 |
| 003 |
BD-DhAAL |
| 008 |
130101r20112007maua b 001 0 eng |
| 999 |
|
|
|c 13097
|d 13097
|
| 010 |
|
|
|a 2007275569
|
| 020 |
|
|
|a 9780123694928 (acid-free paper)
|
| 020 |
|
|
|a 9788131211199
|
| 020 |
|
|
|a 0123694922 (acid-free paper)
|
| 040 |
|
|
|a DLC
|c DLC
|d DLC
|d BD-DhAAL.
|
| 082 |
0 |
0 |
|a 610.724
|2 22
|
| 100 |
1 |
|
|a Forthofer, Ron N.,
|d 1944-
|9 44027
|
| 245 |
1 |
0 |
|a Biostatistics :
|b a guide to design, analysis, and discovery /
|c Ronald N. Forthofer, Eun Sul Lee, Mike Hernandez.
|
| 250 |
|
|
|a 2nd ed.
|
| 260 |
|
|
|a Burlington, MA :
|b Elsevier Academic Press,
|c c2007 [Reprinted 2011]
|
| 300 |
|
|
|a xvii, 502 p. :
|b ill. ;
|c 27 cm.
|
| 504 |
|
|
|a Includes bibliographical references and index.
|
| 541 |
|
|
|e 00026416
|
| 650 |
|
0 |
|a Medicine
|x Research
|x Statistical methods.
|9 44028
|
| 650 |
|
0 |
|a Biometry.
|9 44029
|
| 650 |
|
0 |
|a Pharmacy.
|9 44030
|
| 700 |
1 |
|
|a Lee, Eun Sul.
|9 44031
|
| 700 |
1 |
|
|a Hernandez, Mike.
|9 44032
|
| 852 |
1 |
|
|a Ayesha Abed Library
|j General shelf.
|
| 942 |
0 |
0 |
|0 1
|2 ddc
|c BK
|
| 952 |
|
|
|0 0
|1 0
|2 ddc
|4 0
|6 610_724000000000000_FOR
|7 0
|9 21773
|a BRACUL
|b BRACUL
|c GEN
|d 2013-01-01
|e TRIM EDUCATION
|g 870.00
|l 11
|m 68
|o 610.724 FOR
|p 3010026416
|r 2024-02-28
|s 2023-08-02
|t 1
|w 2013-01-01
|y BK
|
| 952 |
|
|
|0 0
|1 0
|2 ddc
|4 0
|6 610_724000000000000_FOR
|7 0
|9 21774
|a BRACUL
|b BRACUL
|c GEN
|d 2013-01-01
|e TRIM EDUCATION
|g 870.00
|l 6
|m 76
|o 610.724 FOR
|p 3010026417
|r 2023-01-28
|s 2022-05-30
|t 2
|w 2013-01-01
|y BK
|
| 952 |
|
|
|0 0
|1 0
|2 ddc
|4 0
|6 610_724000000000000_FOR
|7 0
|9 21775
|a BRACUL
|b BRACUL
|c GEN
|d 2013-01-01
|e TRIM EDUCATION
|g 870.00
|l 8
|m 51
|o 610.724 FOR
|p 3010026418
|r 2026-04-01
|s 2026-03-29
|t 3
|w 2013-01-01
|y BK
|
| 952 |
|
|
|0 0
|1 0
|2 ddc
|4 0
|6 610_724000000000000_FOR
|7 0
|9 22245
|a IGS
|b IGS
|c GEN
|d 2012-04-27
|e Mullick & Brothers
|g 1050.00
|l 0
|o 610.724 FOR
|p 3010026866
|r 2013-04-28
|t 4
|w 2012-04-27
|y BK
|